LEADER 01615nam 2200421Ia 450 001 996248322003316 005 20200906025438.0 010 $a1-57181-498-1 035 $a(CKB)2560000000322550 035 $a(dli)HEB08592 035 $a(EXLCZ)992560000000322550 100 $a20160903e20042002 uy 0 101 0 $aeng 135 $aurmnummmmuuuu 200 00$aWomen and the politics of military confrontation$b[electronic resource] $ePalestinian and Israeli gendered narratives of dislocation /$fedited by Nahla Abdo and Ronit Lentin 210 $aNew York $cBerghahn Books$d2004 215 $axi, 324 p. ;$d24 cm 300 $aReprint. Originally published in 2002. 320 $aIncludes bibliographical references and index. 410 0$aACLS Humanities E-Book. 606 $aWomen, Palestinian Arab$zWest Bank$xSocial conditions 606 $aWomen, Palestinian Arab$zGaza Strip$xSocial conditions 606 $aWomen, Palestinian Arab$zLebanon$xSocial conditions 606 $aWomen$zIsrael$xSocial conditions 615 0$aWomen, Palestinian Arab$xSocial conditions. 615 0$aWomen, Palestinian Arab$xSocial conditions. 615 0$aWomen, Palestinian Arab$xSocial conditions. 615 0$aWomen$xSocial conditions. 700 $aAbdo (ed.)$b Nahla$01020663 701 $aAbdo-Zubi$b Nahla$f1953-$0857937 701 $aLenti?n$b Ronit$0961091 712 02$aAmerican Council of Learned Societies. 801 0$bMiU 801 1$bMiU 906 $aBOOK 912 $a996248322003316 996 $aWomen and the politics of military confrontation$92414577 997 $aUNISA